000
00283 a2200133 4500
020
_a
0132285118
090
_c
4530
_d
4530
100
_a
Stephen P Robbins
245
_a
Organizational behavior
250
_a
7th
260
_a
London
300
_a
752
942
_a
NBS
_c
BK
_k
658.3 ROB
999
_c
346973
_d
346973